Cơ sở cơ học máy : Dùng cho sinh viên các trường Đại học kỹ thuật và Cao đẳng kỹ thuật
Tài liệu trình bày những nguyên lý tính toán, thiết kế, nguyên tắc tính chọn những chi tiết máy có công dụng chung trong các máy cơ khí nhằm đảm bảo các chỉ tiêu về khả năng làm việc của chúng.
Gardado en:
| Autor Principal: | |
|---|---|
| Formato: | Libro |
| Idioma: | Undetermined |
| Publicado: |
Hà Nội
Giao thông vận tải
2008
|
| Những chủ đề: | |
| Các nhãn: |
Engadir etiqueta
Sen Etiquetas, Sexa o primeiro en etiquetar este rexistro!
|
| Thư viện lưu trữ: | Trung tâm Học liệu Trường Đại học Cần Thơ |
|---|
| LEADER | 00986nam a2200217Ia 4500 | ||
|---|---|---|---|
| 001 | CTU_154800 | ||
| 008 | 210402s9999 xx 000 0 und d | ||
| 020 | |c 95000 | ||
| 082 | |a 620.1 | ||
| 082 | |b Q528/T.2 | ||
| 100 | |a Ngô, Văn Quyết | ||
| 245 | 0 | |a Cơ sở cơ học máy : | |
| 245 | 0 | |b Dùng cho sinh viên các trường Đại học kỹ thuật và Cao đẳng kỹ thuật | |
| 245 | 0 | |c Ngô Văn Quyết | |
| 260 | |a Hà Nội | ||
| 260 | |b Giao thông vận tải | ||
| 260 | |c 2008 | ||
| 520 | |a Tài liệu trình bày những nguyên lý tính toán, thiết kế, nguyên tắc tính chọn những chi tiết máy có công dụng chung trong các máy cơ khí nhằm đảm bảo các chỉ tiêu về khả năng làm việc của chúng. | ||
| 650 | |a Mechanical engineering,Mechanics, applied | ||
| 904 | |i Bạch Trúc | ||
| 980 | |a Trung tâm Học liệu Trường Đại học Cần Thơ | ||